书目信息 |
| 题名: |
商业银行业务实验教程
|
|
| 作者: | 许世琴 主编 | |
| 分册: | ||
| 出版信息: | 成都 西南财经大学出版社 2013.4 |
|
| 页数: | 247页 | |
| 开本: | 26cm | |
| 丛书名: | ||
| 单 册: | ||
| 中图分类: | F830.4 | |
| 科图分类: | ||
| 主题词: | 商业银行--银行业务--高等学校--教材 , 商业银行 , 银行业务 | |
| 电子资源: | ||
| ISBN: | 978-7-5504-1014-5 | |
| 000 | 01011nam0 2200277 450 | |
| 001 | 523 | |
| 005 | 20140909102248.75 | |
| 010 | @a978-7-5504-1014-5@dCNY30.00 | |
| 100 | @a20130520d2013 em y0chiy0110 ea | |
| 101 | 0 | @achi |
| 102 | @aCN@b510000 | |
| 105 | @aak z 000yy | |
| 106 | @ar | |
| 200 | 1 | @a商业银行业务实验教程@AShang Ye Yin Xing Ye Wu Shi Yan Jiao Cheng@dExperimental practice courses of commercial bank@f许世琴主编@FXu Shi Qin Zhu Bian@zeng |
| 210 | @a成都@c西南财经大学出版社@d2013.4 | |
| 215 | @a247页@c图@d26cm | |
| 300 | @a经济管理实验实训系列教材 | |
| 330 | @a本书共有四篇十二章内容,即商业银行业务实验的基础篇、商业银行个人业务实验篇、商业银行对公业务实验篇和商业银行综合管理篇。 | |
| 510 | 1 | @aExperimental practice courses of commercial bank@zeng |
| 606 | 0 | @a商业银行@x银行业务@x高等学校@j教材 |
| 606 | 0 | @a商业银行 |
| 606 | 0 | @a银行业务 |
| 690 | @aF830.4@v5 | |
| 701 | 0 | @a许世琴@AXu Shi Qin@4主编 |
| 801 | 0 | @aCN@bTANGWEI@c20140710 |
| 905 | @b0838303-05@dF830.4@e246@f3 | |
| 商业银行业务实验教程=Experimental practice courses of commercial bank/许世琴主编.-成都:西南财经大学出版社,2013.4 |
| 247页:图;26cm |
| 经济管理实验实训系列教材 |
| ISBN 978-7-5504-1014-5:CNY30.00 |
| 本书共有四篇十二章内容,即商业银行业务实验的基础篇、商业银行个人业务实验篇、商业银行对公业务实验篇和商业银行综合管理篇。 |
| ● |
| 相关链接 |
|
|
|
|
正题名:商业银行业务实验教程
索取号:F830.4/246
 
预约/预借
| 序号 | 登录号 | 条形码 | 馆藏地/架位号 | 状态 | 备注 |
| 1 | 0838303 | 208383033 | 第一样本阅览室/ [索取号:F830.4/246] | 在馆 | |
| 2 | 0838304 | 208383042 | 密集书库-海洋学院/ [索取号:F830.4/246] | 在馆 | |
| 3 | 0838305 | 208383051 | 第一借阅区/ [索取号:F830.4/246] | 在馆 |